Представление документа в формате RUSMARC

ПолеНазваниеЗначение
  Тип записи a
  Библиографический уровень m
001 Контрольный номер RU/CBS_UL/BASE/596539539
005 Дата корректировки 20240209174853.6
010 Индекс ISBN __
d Цена 15 р. 00 к.
9 Тираж экз.
100 Данные общей обработки __
a Данные общей обработки 20181126d2018 ||| 0rusy0189 ca
101 Язык документа 0_
a Язык текста rus
102 Страна публикации __
a Страна публикации RU
105 Кодированные данные (монография) __
a Кодированные данные (монография) y###||||000|y
200 Заглавие и сведения об ответственности 1_
a Заглавие Развитие патриотизма в России ХХI века
b Общее обозначение материала Текст
e Сведения, относящиеся к заглавию концепция, программа и практика патриотического воспитания молодых граждан России
f Первые сведения об ответственности В. И. Лутовинов, И. И. Мельниченко
210 Выходные данные 1_
a Место издания Москва
c Издательство Светотон
d Дата издания 2004
215 Физическое описание __
a Объем 254 с.
d Формат см.
300 Общие примечания __
a Общие примечания Ограничения по возрасту - 16+
300 Общие примечания __
a Общие примечания Под инв. номером 101045: 28-1
606 Тематические рубрики 0_
a Основная рубрика Воспитание патриотизма
610 Ключевые слова 0_
a Ключевые слова патриотизм
a Ключевые слова патриотическое воспитание
a Ключевые слова формирование патриотизма
a Ключевые слова гражданская культура
a Ключевые слова молодежная политика
686 Индексы других классификаций __
a Классификационный индекс 68.49(2Рос)9
2 Код системы ББК
700 Автор _1
a Фамилия Лутовинов
b Имя (инициалы) Владимир Иванович
g Полное личное имя В. И.
701 Альтернативная интеллектуальная ответственность _1
a Фамилия Мельниченко
b Имя (инициалы) И. И.
801 Источник записи _0
a Страна RU
b Организация МБУК ЦБС
c Дата составления 20181126
g Правила каталогизации RCR
801 Источник записи _1
a Страна RU
b Организация МБУК ЦБС г. Ульяновска
c Дата составления 20181126
g Правила каталогизации RCR
899 Данные о местонахождении __
i Авторский знак Л 86
j Расстановочный фильтр 68.49(2Рос)
901 Тип документа __
t Тип документа m
910 Корректоры записи __
a Корректор записи Хисамова